Top 10 Richest Countries in North America Quiz Stats

 Plays Quiz Updated Oct 22, 2016

Challenge
Share
Tweet
Embed
Score 0/10 Timer 02:00
1 Play Today
Rank Country % Correct
1United States
99.7%
2Canada
99.4%
8Mexico
96.9%
7Panama
77.8%
4Bahamas
73.4%
10Costa Rica
72.3%
9Barbados
56%
5St. Kitts and Nevis
51.3%
3Trinidad and Tobago
50.1%
6Antigua and Barbuda
44.3%

You're not logged in!

Compare scores with friends on all Sporcle quizzes.
OR
Log In

You Might Also Like...

Show Comments

Extras

Top Quizzes Today


Score Distribution

Your Account Isn't Verified!

In order to create a playlist on Sporcle, you need to verify the email address you used during registration. Go to your Sporcle Settings to finish the process.

Report this User

Report this user for behavior that violates our Community Guidelines.

Details: